Conflict in the air. (Record no. 60493)

MARC details
000 -LEADER
fixed length control field 00707cam a2200205 4500
001 - CONTROL NUMBER
control field ABS60839
008 - FIXED-LENGTH DATA ELEMENTS--GENERAL INFORMATION
fixed length control field 000000n1999 000 0 eng u
035 ## - SYSTEM CONTROL NUMBER
System control number (Sirsi) u101346
100 ## - MAIN ENTRY--PERSONAL NAME
Personal name Roberts, J.
245 ## - TITLE STATEMENT
Title Conflict in the air.
260 ## - PUBLICATION, DISTRIBUTION, ETC.
Date of publication, distribution, etc. 1999
490 ## - SERIES STATEMENT
Series statement Estates Gazette
Volume/sequential designation (9925) 18 June 1999, 76-77(2)
520 ## - SUMMARY, ETC.
Summary, etc. Evaluates the potential for conflicts of interest in the four property companies which have recently merged with US firms, including the issue of co-investment in deals by agents and their clients.
650 ## - SUBJECT ADDED ENTRY--TOPICAL TERM
Topical term or geographic name entry element MANAGEMENT-BUSINESS MANAGEMENT
650 ## - SUBJECT ADDED ENTRY--TOPICAL TERM
Topical term or geographic name entry element MERGERS
650 ## - SUBJECT ADDED ENTRY--TOPICAL TERM
Topical term or geographic name entry element PROPERTY INVESTMENT
650 ## - SUBJECT ADDED ENTRY--TOPICAL TERM
Topical term or geographic name entry element USA
690 ## - LOCAL SUBJECT ADDED ENTRY--TOPICAL TERM (OCLC, RLIN)
Topical term or geographic name as entry element PROFESSIONAL PRACTICE
942 ## - ADDED ENTRY ELEMENTS (KOHA)
Suppress in OPAC 0
Holdings
Withdrawn status Lost status Source of classification or shelving scheme Damaged status Not for loan Home library Current library Shelving location Date acquired Total Checkouts Full call number Barcode Date last seen Copy number Price effective from Koha item type
    Dewey Decimal Classification     London London Journal article 03/11/1999   ABS60839 101346-1001 06/08/2019 1 06/08/2019 Journal article